Najludniejsze państwa świata w 2022 roku - Statystyki

Ogólne statystyki
  • Ten quiz został rozwiązany 120 razy
  • Średni wynik to 12 z 15
Statystyki odpowiedzi
Miejsce Państwo # % Poprawnych
2. Chiny 1 410 539 758
100%
1. Indie 1 411 415 000
98%
3. Stany Zjednoczone 337 341 954
98%
9. Rosja 142 021 981
97%
7. Brazylia 217 240 060
95%
11. Japonia 124 214 766
87%
10. Meksyk 129 150 971
85%
6. Nigeria 225 082 083
75%
4. Indonezja 277 329 163
71%
15. Egipt 107 770 524
70%
5. Pakistan 242 923 845
67%
14. Demokratyczna Republika Konga 108 407 721
66%
8. Bangladesz 165 650 475
61%
13. Etiopia 113 656 596
53%
12. Filipiny 114 597 229
51%
Nie znaleziono quizów pasujących do podanych kryteriów
Rozkład punktacji
Procent ludzi z każdym wynikiem
Percentyl według liczby udzielonych odpowiedzi
Twoja historia wyników
Nie rozwiązałeś tego quizu